Meilleurs buteurs par club Ligue 1 2023/2024 - Statistiques

Statistiques générales
  • Ce quiz a été pris 141 fois
  • Le résultat moyen est 10 sur 18
Statistiques - réponses
Club Joueur Nombre de but % Correct
Paris Saint-Germain Kylian Mbappe 27
100%
Olympique Lyonnais Alexandre Lacazette 19
97%
Olympique de Marseille Pierre-Emerick Aubameyang 17
91%
LOSC Lille Jonathan David 19
90%
AS Monaco Wissam Ben Yedder 16
85%
RC Lens Elye Wahi 9
68%
FC Metz Georges Mikautadze 13
63%
OGC Nice Terem Moffi 11
59%
Toulouse FC Thijs Dallinga 14
55%
Stade rennais Arnaud Kalimuendo 10
52%
Montpellier HSC Teji Savanier 9
52%
Le Havre Mohamed Bayo 5
39%
FC Nantes Mostafa Mohamed 8
37%
FC Brest Romain Del Castillo 8
37%
Clermont-Ferrand Muhammed Cham 8
22%
RC Strasbourg Emanuel Emegha 8
19%
FC Lorient Mohamed Bamba 8
19%
Stade de Reims Teddy Teuma 6
19%
Aucun quiz correspondant
Distribution des résultats
% des personnes avec chaque résultat
Percentile par nombre de réponses
Votre historique - résultats
Vous n’avez pas pris ce quiz